| 000 | 00459nam a22001697a 4500 | ||
|---|---|---|---|
| 999 |
_c1463 _d1463 |
||
| 005 | 20210909155334.0 | ||
| 008 | 160523b xxu||||| |||| 00| 0 eng d | ||
| 020 | _a0-07-58330-7 | ||
| 041 | _aeng | ||
| 082 |
_b4381 _a004.563 |
||
| 100 |
_aKanani, Shivanand _91073 |
||
| 245 | _aSand to Silicon : the amazing story of digital technology | ||
| 260 |
_aNew Delhi _bAcademic Faundation |
||
| 300 | _a244 | ||
| 650 |
_aInformation Technology _9137 |
||
| 942 | _cBK | ||